Трудности обучения говорению монгольских школьников в онлайн-формате и способы их преодоления; Русский язык в поликультурной среде: наука, культура, межкультурная коммуникация

التفاصيل البيبلوغرافية
Parent link:Русский язык в поликультурной среде: наука, культура, межкультурная коммуникация.— 2024.— С. 68-71
المؤلف الرئيسي: Выдрина В. В. Вера Владимировна
مؤلف مشترك: Национальный исследовательский Томский политехнический университет (570)
الملخص:Заглавие с экрана
В тексте статьи анализируются проблемы, с которыми сталкиваются преподаватель и обучающиеся на занятиях по развитию навыков устной речи, описываются пути их решения.
The text of the article analyzes the problems that teachers and students encounter in classes to develop speaking skills, and describes ways to solve them
Текстовый файл
اللغة:الروسية
منشور في: 2024
الموضوعات:
الوصول للمادة أونلاين:https://stankin.ru/uploads/files/file_668250a1126b6.pdf#page=68
https://www.elibrary.ru/item.asp?id=69195664
التنسيق: MixedMaterials الكتروني فصل الكتاب
KOHA link:https://koha.lib.tpu.ru/cgi-bin/koha/opac-detail.pl?biblionumber=674756

MARC

LEADER 00000naa0a2200000 4500
001 674756
005 20241023152013.0
090 |a 674756 
100 |a 20240920d2024 k||y0rusy50 ca 
101 0 |a rus 
102 |a RU 
135 |a drcn ---uucaa 
181 0 |a i   |b  e  
182 0 |a b 
183 0 |a cr  |2 RDAcarrier 
200 1 |a Трудности обучения говорению монгольских школьников в онлайн-формате и способы их преодоления  |f Выдрина В. В.  |d Difficulties in developing communication skills of Mongolian schoolchildren in online format and ways to overcome them  |z eng 
203 |a Текст  |c электронный  |b визуальный 
283 |a online_resource  |2 RDAcarrier 
300 |a Заглавие с экрана 
320 |a Литература: 1 назв. 
330 |a В тексте статьи анализируются проблемы, с которыми сталкиваются преподаватель и обучающиеся на занятиях по развитию навыков устной речи, описываются пути их решения. 
330 |a The text of the article analyzes the problems that teachers and students encounter in classes to develop speaking skills, and describes ways to solve them 
336 |a Текстовый файл 
463 1 |t Русский язык в поликультурной среде: наука, культура, межкультурная коммуникация  |v С. 68-71  |d 2024  |c Москва  |n МГТУ Станкин  |o материалы III Международной научно-практической конференции, Самарканд - Москва, 12-13 марта 2024 
610 1 |a русский язык как иностранный 
610 1 |a монгольские школьники 
610 1 |a онлайн обучение 
610 1 |a навыки 
610 1 |a устная речь 
610 1 |a электронный ресурс 
610 1 |a труды учёных ТПУ 
700 1 |a Выдрина  |b В. В.  |c лингвист  |c доцент Томского политехнического университета, кандидат филологических наук  |f 1984-  |g Вера Владимировна  |9 14589 
712 0 2 |a Национальный исследовательский Томский политехнический университет  |c (2009- )  |4 570  |9 26305 
801 0 |a RU  |b 63413507  |c 20240920  |g RCR 
856 4 |u https://stankin.ru/uploads/files/file_668250a1126b6.pdf#page=68  |z https://stankin.ru/uploads/files/file_668250a1126b6.pdf#page=68 
856 4 |u https://www.elibrary.ru/item.asp?id=69195664  |z https://www.elibrary.ru/item.asp?id=69195664 
942 |c CF